000 00446cam a2200181ua 4500
001 176
008 120924n ii |||gr||||Z||||||eng
040 _cMAIN
082 _a305.8
245 _aThe sonowal kacharis of Assam.
_cBy Binita Barooah.
250 _a1st.
260 _aDoomdooma.:
_bDAIRTSC,998.
300 _a66 p.:5 cm.
653 _aSociology.
653 _aThe sonowal kacharis of Assam.
700 _aBarooah, Binita.,
942 _cBK
999 _c159
_d159